| 000 | 03131ngm a22005177a 4500 | ||
|---|---|---|---|
| 006 | a|||||s|||||00| 0 | ||
| 007 | tz | ||
| 008 | 110613s2002 cau|||||s|||| 00| 0 eng d | ||
| 020 | _a0790765195 | ||
| 020 | _a9780790765198 | ||
| 082 |
_222 _a791.4372 _bSIN |
||
| 245 | 0 | 0 |
_aSingin' in the Rain _h[videorecording] / _cMetro-Goldwyn-Mayer ; story and screen play by Adolf Green and Betty Comden ; produced by Arthur Freed ; directed by Gene Kelly and Stanley Donen. |
| 250 | _aSpecial ed. | ||
| 260 |
_aBurbank, Calif. : _bWarner Home Video , 2002 _c2002 |
||
| 300 |
_a2 videodiscs (103 min.) : _bsd., col. ; _c4 3/4 in. |
||
| 500 | _aOriginally released as a motion picture in 1951. | ||
| 500 | _a "Suggested by the song 'Singin' in the rain'." | ||
| 500 | _aSpecial features: Disc 1. Commentary by Debbie Reynolds, Donald O'Connor, Cyd Charisse, Kathleen Freeman, co-director Stanley Donen, screenwriters Betty Comden and Adolph Green, filmmaker Baz Luhrmann and historian Rudy Behlmer; "Reel sound" talkies film history; "Singin' inspirations" plays film with additional hidden footage; Theatrical trailer; Awards; Cast & crew filmographies. Disc 2. "Musicals great musicals" documentary; "What a glorious feeling" documentary; "Excerpts from features where the songs originated" Arthur Freed/Nacio Herb Brown original songs excerpted from films; "You are my lucky star" outtake; Gallery; Scoring stage sessions. | ||
| 508 | _aLyrics by Arthur Freed ; music by Nacio Herb Brown; Director of photography, Harold Rosson ; film editor, Adrienne Fazan | ||
| 511 | _aGene Kelly, Donald O'Connor, Debbie Reynolds, Jean Hagen, Millard Mitchell, Cyd Charisse | ||
| 520 | _aSilent movies are giving way to talking pictures, and a hoofer-turned-matinee idol is caught in that bumpy transition, as well as his buddy, prospective ladylove, and shrewish co-star. | ||
| 521 | _a MPAA rating: G. | ||
| 538 | _aDVD; region 1, NTSC; full screen presentation preserving the aspect ratio of its original theatrical exhibition; Dolby digital surround 5.1; dual-layer. | ||
| 546 | _aIn English or dubbed French with optional English, French, or Spanish subtitles; closed-captioned | ||
| 650 |
_925139 _aMotion picture actors and actresses _vDrama _zUnited States |
||
| 650 |
_925141 _aDancers _vDrama |
||
| 653 | _cJune2011 | ||
| 655 | _aComedy films | ||
| 655 | _aFeature films | ||
| 655 | _aMusical films | ||
| 700 |
_925142 _aFreed, Arthur _d1894-1973 _elyr _epro |
||
| 700 |
_925143 _aKelly, Gene _d1912-1996 _eact _edrt |
||
| 700 |
_925144 _aGreen, Adolph _eaus |
||
| 700 |
_925145 _aComden, Betty _eaus |
||
| 700 |
_925146 _aBrown, Nacio Herb _d1896-1964 _ecmp |
||
| 700 |
_925147 _aFazan, Adrienne _eflm |
||
| 700 |
_925148 _aRosson, Harold _d1895-1988 _ecng |
||
| 700 |
_925149 _aO'Connor, Donald _d1925-2003 _eact |
||
| 700 |
_925150 _aReynolds, Debbie _eact |
||
| 700 |
_925151 _aHagen, Jean _d1924-1977 _eact |
||
| 700 |
_925152 _aMitchell, Millard _d1900-1953 _eact |
||
| 700 |
_925153 _aCharisse, Cyd _eact |
||
| 710 |
_925081 _aMetro-Goldwyn-Mayer |
||
| 710 |
_925082 _aWarner Home Video (Firm) |
||
| 942 |
_2ddc _cCDVDMOV |
||
| 999 |
_c15587 _d15587 |
||